Rihanna - Chansons de l'album Loud - Statistiques

Statistiques générales
  • Ce quiz a été pris 16 fois
  • Le résultat moyen est 8 sur 14
Statistiques - réponses
Hint Réponse % Correct
Loud 7 Man Down
86%
Loud 6 California King Bed
79%
Loud 5 Only Girl (In the World)
79%
Loud- 13 Only girl (In the world) RMX (Bonus track)
79%
Loud 1 S&M
79%
Loud 2 What's My Name? (ft. Drake)
79%
Loud 3 Cheers (Drink to That)
57%
Loud- 8 Raining Men (ft. Nicki Minaj)
57%
Loud 4 Fading
50%
Loud- 11 Love the Way You Lie (Part II) (ft. Eminem)
50%
Loud- 9 Complicated
43%
Loud- 10 Skin
43%
Loud- 12 Who's that chick (Doritos Night)
14%
Loud- 14 Stick up (The saturday night live song)
7%
Aucun quiz correspondant
Distribution des résultats
% des personnes avec chaque résultat
Percentile par nombre de réponses
Votre historique - résultats
Vous n’avez pas pris ce quiz